[Event "Team Championship (men blitz)"]
[Site "Sochi"]
[Date "2017.10.05"]
[Round "12.29"]
[White "Alexeev, Alexey"]
[Black "Tekeyev, Zaur"]
[Result "1-0"]
[LiveChessVersion "1.4.8"]
[BlackElo "2413"]
[WhiteElo "2264"]

1. e4 {[%clk 0:03:03]} e6 {[%clk 0:03:03]} 2. d4 {[%clk 0:03:04]} d5
{[%clk 0:03:04]} 3. Nd2 {[%clk 0:03:04]} c5 {[%clk 0:02:58]} 4. c3
{[%clk 0:03:05]} Nc6 {[%clk 0:02:51]} 5. Ngf3 {[%clk 0:03:05]} cxd4
{[%clk 0:02:13]} 6. cxd4 {[%clk 0:03:06]} dxe4 {[%clk 0:02:14]} 7. Nxe4
{[%clk 0:03:07]} Be7 {[%clk 0:02:15]} 8. Bd3 {[%clk 0:03:05]} Nf6
{[%clk 0:02:15]} 9. O-O {[%clk 0:03:04]} O-O {[%clk 0:02:15]} 10. Nc3
{[%clk 0:03:05]} Nb4 {[%clk 0:02:13]} 11. Bb1 {[%clk 0:03:05]} b6
{[%clk 0:02:08]} 12. a3 {[%clk 0:02:58]} Nbd5 {[%clk 0:01:58]} 13. Ne5
{[%clk 0:02:58]} Nxc3 {[%clk 0:01:55]} 14. bxc3 {[%clk 0:02:57]} Bb7
{[%clk 0:01:56]} 15. Re1 {[%clk 0:02:52]} Rc8 {[%clk 0:01:45]} 16. Qd3
{[%clk 0:02:45]} g6 {[%clk 0:01:20]} 17. Bh6 {[%clk 0:02:44]} Re8
{[%clk 0:01:21]} 18. Qh3 {[%clk 0:02:42]} Bd6 {[%clk 0:00:41]} 19. Bg5
{[%clk 0:02:34]} Be7 {[%clk 0:00:31]} 20. Nxf7 {[%clk 0:02:09]} Kxf7
{[%clk 0:00:28]} 21. Qxe6+ {[%clk 0:02:08]} Kg7 {[%clk 0:00:26]} 22. Ba2
{[%clk 0:02:08]} Rc6 {[%clk 0:00:13]} 23. Qf7+ {[%clk 0:02:04]} Kh8
{[%clk 0:00:14]} 24. Bh6 {[%clk 0:01:31]} Nh5 {[%clk 0:00:07]} 25. Be6
{[%clk 0:01:03]} Bf6 {[%clk 0:00:07]} 26. Qxb7 {[%clk 0:00:56]} Rcxe6
{[%clk 0:00:08]} 27. Rxe6 {[%clk 0:00:47]} Rxe6 {[%clk 0:00:09]} 28. d5
{[%clk 0:00:48]} Re7 {[%clk 0:00:10]} 29. Qc6 {[%clk 0:00:47]} Qc7
{[%clk 0:00:07]} 30. Qa8+ {[%clk 0:00:44]} 1-0

[Event "Team Championship (men blitz)"]
[Site "Sochi"]
[Date "2017.10.05"]
[Round "12.30"]
[White "Nechaev, Oleg"]
[Black "Pervakov, Sergey"]
[Result "1-0"]
[LiveChessVersion "1.4.8"]
[BlackElo "2137"]
[WhiteElo "2284"]

1. d4 {[%clk 0:03:03]} d6 {[%clk 0:03:02]} 2. Nf3 {[%clk 0:03:00]} Nf6
{[%clk 0:03:03]} 3. c4 {[%clk 0:03:01]} g6 {[%clk 0:03:04]} 4. Nc3
{[%clk 0:03:02]} Bg7 {[%clk 0:03:05]} 5. Bf4 {[%clk 0:03:03]} O-O
{[%clk 0:03:04]} 6. h3 {[%clk 0:03:05]} Nbd7 {[%clk 0:02:53]} 7. e3
{[%clk 0:03:04]} c5 {[%clk 0:02:46]} 8. d5 {[%clk 0:03:04]} a6 {[%clk 0:02:41]}
9. a4 {[%clk 0:03:05]} b6 {[%clk 0:02:26]} 10. Be2 {[%clk 0:03:04]} Rb8
{[%clk 0:02:27]} 11. O-O {[%clk 0:03:04]} Ne8 {[%clk 0:02:26]} 12. Qd2
{[%clk 0:03:00]} Nc7 {[%clk 0:02:18]} 13. e4 {[%clk 0:02:49]} b5 {[%clk 0:02:14]}
14. cxb5 {[%clk 0:02:44]} axb5 {[%clk 0:02:15]} 15. axb5 {[%clk 0:02:44]} Nb6
{[%clk 0:02:03]} 16. Ra5 {[%clk 0:02:27]} Bb7 {[%clk 0:01:34]} 17. Bh6
{[%clk 0:02:16]} Qd7 {[%clk 0:01:27]} 18. Bxg7 {[%clk 0:02:16]} Kxg7
{[%clk 0:01:28]} 19. b3 {[%clk 0:02:12]} Ra8 {[%clk 0:01:28]} 20. Rfa1
{[%clk 0:02:13]} Rxa5 {[%clk 0:01:28]} 21. Rxa5 {[%clk 0:02:14]} Ra8
{[%clk 0:01:29]} 22. Qa2 {[%clk 0:02:09]} Qc8 {[%clk 0:01:27]} 23. Nd2
{[%clk 0:02:07]} e6 {[%clk 0:01:05]} 24. dxe6 {[%clk 0:02:07]} Qxe6
{[%clk 0:00:52]} 25. Nc4 {[%clk 0:02:01]} Nxc4 {[%clk 0:00:32]} 26. Bxc4
{[%clk 0:01:56]} Qe7 {[%clk 0:00:28]} 27. Rxa8 {[%clk 0:01:54]} Nxa8
{[%clk 0:00:16]} 28. Qa7 {[%clk 0:01:47]} Qc7 {[%clk 0:00:15]} 29. Bd5
{[%clk 0:01:11]} Bxd5 {[%clk 0:00:16]} 30. Qxc7 {[%clk 0:01:11]} Nxc7
{[%clk 0:00:14]} 31. exd5 {[%clk 0:00:52]} Kf6 {[%clk 0:00:11]} 32. f4
{[%clk 0:00:51]} Kf5 {[%clk 0:00:10]} 33. b6 {[%clk 0:00:48]} Na6
{[%clk 0:00:11]} 34. g3 {[%clk 0:00:43]} f6 {[%clk 0:00:05]} 35. Kf2
{[%clk 0:00:44]} g5 {[%clk 0:00:06]} 36. Ke3 {[%clk 0:00:45]} gxf4+
{[%clk 0:00:07]} 37. gxf4 {[%clk 0:00:46]} Kg6 {[%clk 0:00:04]} 38. Ne4
{[%clk 0:00:41]} Kf7 {[%clk 0:00:04]} 39. Nxd6+ {[%clk 0:00:42]} Ke7
{[%clk 0:00:05]} 40. Nc4 {[%clk 0:00:34]} Kd7 {[%clk 0:00:06]} 41. Ke4
{[%clk 0:00:35]} Nb4 {[%clk 0:00:04]} 42. d6 {[%clk 0:00:30]} Nc6
{[%clk 0:00:04]} 43. b7 {[%clk 0:00:27]} 1-0

[Event "Team Championship (men blitz)"]
[Site "Sochi"]
[Date "2017.10.05"]
[Round "12.31"]
[White "Rudenko, Eugeny"]
[Black "Rozhko, Dmitry"]
[Result "0-1"]
[LiveChessVersion "1.4.8"]
[BlackElo "2261"]
[WhiteElo "2108"]

1. e4 {[%clk 0:03:03]} e6 {[%clk 0:03:04]} 2. d4 {[%clk 0:03:04]} d5
{[%clk 0:03:05]} 3. Nd2 {[%clk 0:03:06]} dxe4 {[%clk 0:03:06]} 4. Nxe4
{[%clk 0:03:07]} Bd7 {[%clk 0:03:08]} 5. Bd3 {[%clk 0:03:02]} Bc6
{[%clk 0:03:09]} 6. Nf3 {[%clk 0:03:02]} Nd7 {[%clk 0:03:10]} 7. Qe2
{[%clk 0:03:03]} Ngf6 {[%clk 0:03:11]} 8. Nxf6+ {[%clk 0:03:02]} Qxf6
{[%clk 0:03:07]} 9. Be4 {[%clk 0:02:55]} Bxe4 {[%clk 0:03:01]} 10. Qxe4
{[%clk 0:02:56]} c6 {[%clk 0:03:01]} 11. Bg5 {[%clk 0:02:55]} Qg6
{[%clk 0:02:59]} 12. Qxg6 {[%clk 0:02:43]} hxg6 {[%clk 0:02:59]} 13. O-O-O
{[%clk 0:02:41]} Bd6 {[%clk 0:02:53]} 14. h3 {[%clk 0:02:40]} Nf6
{[%clk 0:02:44]} 15. Bxf6 {[%clk 0:02:39]} gxf6 {[%clk 0:02:45]} 16. c4
{[%clk 0:02:38]} O-O-O {[%clk 0:02:40]} 17. Kc2 {[%clk 0:02:39]} Kc7
{[%clk 0:02:27]} 18. Rhe1 {[%clk 0:02:30]} c5 {[%clk 0:02:20]} 19. Re2
{[%clk 0:02:25]} cxd4 {[%clk 0:02:08]} 20. Nxd4 {[%clk 0:02:22]} Bc5
{[%clk 0:02:01]} 21. Nb5+ {[%clk 0:02:18]} Kc6 {[%clk 0:02:01]} 22. f3
{[%clk 0:02:17]} a6 {[%clk 0:02:01]} 23. Nc3 {[%clk 0:02:15]} Rxd1
{[%clk 0:02:00]} 24. Nxd1 {[%clk 0:02:06]} f5 {[%clk 0:01:54]} 25. b3
{[%clk 0:01:59]} g5 {[%clk 0:01:53]} 26. Nb2 {[%clk 0:01:56]} Rh4
{[%clk 0:01:42]} 27. Nd3 {[%clk 0:01:55]} Bd6 {[%clk 0:01:43]} 28. Nf2
{[%clk 0:01:39]} Bg3 {[%clk 0:01:36]} 29. Nd3 {[%clk 0:01:38]} g4
{[%clk 0:01:23]} 30. hxg4 {[%clk 0:01:39]} fxg4 {[%clk 0:01:24]} 31. Nb4+
{[%clk 0:01:32]} Kc7 {[%clk 0:01:19]} 32. Kd3 {[%clk 0:01:33]} Bd6
{[%clk 0:01:11]} 33. Nc2 {[%clk 0:01:33]} gxf3 {[%clk 0:00:55]} 34. gxf3
{[%clk 0:01:34]} Kd7 {[%clk 0:00:53]} 35. Rg2 {[%clk 0:01:29]} Rh3
{[%clk 0:00:54]} 36. Ke2 {[%clk 0:01:30]} Ke7 {[%clk 0:00:54]} 37. Ne3
{[%clk 0:01:29]} Rh1 {[%clk 0:00:53]} 38. Nf1 {[%clk 0:01:30]} Rh5
{[%clk 0:00:51]} 39. Rg4 {[%clk 0:01:27]} Ra5 {[%clk 0:00:49]} 40. a4
{[%clk 0:01:27]} Re5+ {[%clk 0:00:48]} 41. Re4 {[%clk 0:01:28]} Rh5
{[%clk 0:00:46]} 42. Rg4 {[%clk 0:01:20]} Re5+ {[%clk 0:00:45]} 43. Re4
{[%clk 0:01:21]} Rg5 {[%clk 0:00:43]} 44. Ne3 {[%clk 0:01:18]} Rh5
{[%clk 0:00:39]} 45. Nf1 {[%clk 0:01:18]} Rh1 {[%clk 0:00:39]} 46. Rg4
{[%clk 0:01:13]} Rh8 {[%clk 0:00:35]} 47. Ne3 {[%clk 0:01:11]} Bc5
{[%clk 0:00:35]} 48. Ng2 {[%clk 0:01:04]} Rh2 {[%clk 0:00:34]} 49. Kd3
{[%clk 0:01:04]} Rh1 {[%clk 0:00:34]} 50. Kc3 {[%clk 0:01:00]} Rf1
{[%clk 0:00:34]} 51. Rg3 {[%clk 0:00:59]} Bd6 {[%clk 0:00:35]} 52. Rh3
{[%clk 0:01:00]} Rf2 {[%clk 0:00:36]} 53. Ne3 {[%clk 0:01:00]} Be5+
{[%clk 0:00:36]} 54. Kb4 {[%clk 0:00:54]} Bd6+ {[%clk 0:00:33]} 55. Kc3
{[%clk 0:00:55]} Be5+ {[%clk 0:00:35]} 56. Kb4 {[%clk 0:00:57]} Bd6+
{[%clk 0:00:35]} 57. Kc3 {[%clk 0:00:58]} Re2 {[%clk 0:00:36]} 58. Nc2
{[%clk 0:00:51]} Rf2 {[%clk 0:00:35]} 59. Kd3 {[%clk 0:00:51]} a5
{[%clk 0:00:32]} 60. Nd4 {[%clk 0:00:46]} Be5 {[%clk 0:00:27]} 61. Ne2
{[%clk 0:00:47]} Rf1 {[%clk 0:00:26]} 62. Kc2 {[%clk 0:00:48]} Ra1
{[%clk 0:00:26]} 63. Nc3 {[%clk 0:00:47]} Rf1 {[%clk 0:00:23]} 64. Ne2
{[%clk 0:00:45]} Bd6 {[%clk 0:00:22]} 65. Kd3 {[%clk 0:00:46]} Rf2
{[%clk 0:00:23]} 66. Nd4 {[%clk 0:00:44]} Bb4 {[%clk 0:00:20]} 67. Ne2
{[%clk 0:00:39]} Rf1 {[%clk 0:00:20]} 68. Rg3 {[%clk 0:00:39]} Rd1+
{[%clk 0:00:20]} 69. Ke3 {[%clk 0:00:39]} Rb1 {[%clk 0:00:21]} 70. f4
{[%clk 0:00:33]} Rxb3+ {[%clk 0:00:22]} 71. Ke4 {[%clk 0:00:35]} f5+
{[%clk 0:00:19]} 72. Kd4 {[%clk 0:00:33]} Rxg3 {[%clk 0:00:19]} 73. Nxg3
{[%clk 0:00:34]} Bd6 {[%clk 0:00:20]} 74. Ke3 {[%clk 0:00:35]} Kd7
{[%clk 0:00:21]} 75. Nf1 {[%clk 0:00:33]} Kc6 {[%clk 0:00:22]} 76. Nd2
{[%clk 0:00:34]} Kc5 {[%clk 0:00:21]} 77. Nb3+ {[%clk 0:00:31]} Kb4
{[%clk 0:00:19]} 78. Nd4 {[%clk 0:00:29]} Bc5 {[%clk 0:00:18]} 79. Kd3
{[%clk 0:00:30]} Bxd4 {[%clk 0:00:17]} 80. Kxd4 {[%clk 0:00:31]} Kxa4
{[%clk 0:00:18]} 81. Kc3 {[%clk 0:00:29]} Ka3 {[%clk 0:00:17]} 82. c5
{[%clk 0:00:27]} a4 {[%clk 0:00:18]} 83. Kc4 {[%clk 0:00:28]} Kb2
{[%clk 0:00:19]} 84. Kb5 {[%clk 0:00:28]} a3 85. Kb6 a2 {[%clk 0:00:21]} 86. Kxb7
{[%clk 0:00:31]} a1=Q {[%clk 0:00:22]} 0-1

[Event "Team Championship (men blitz)"]
[Site "Sochi"]
[Date "2017.10.05"]
[Round "13.2"]
[White "Potapov, Pavel"]
[Black "Andreikin, Dmitry"]
[Result "0-1"]
[LiveChessVersion "1.4.8"]
[BlackElo "2787"]
[WhiteElo "2451"]

1. e4 {[%clk 0:03:03]} c5 {[%clk 0:03:04]} 2. c3 {[%clk 0:03:03]} Nf6
{[%clk 0:03:02]} 3. e5 {[%clk 0:03:04]} Nd5 {[%clk 0:03:03]} 4. Bc4
{[%clk 0:03:05]} Nb6 {[%clk 0:03:03]} 5. Bb3 {[%clk 0:03:05]} d5 {[%clk 0:02:56]}
6. exd6 {[%clk 0:03:04]} Qxd6 {[%clk 0:02:56]} 7. Nf3 {[%clk 0:03:04]} c4
{[%clk 0:02:54]} 8. Bc2 {[%clk 0:03:05]} Qe6+ {[%clk 0:02:55]} 9. Qe2
{[%clk 0:03:05]} Qxe2+ {[%clk 0:02:55]} 10. Kxe2 {[%clk 0:03:06]} Nc6
{[%clk 0:02:51]} 11. Re1 {[%clk 0:03:05]} Bg4 {[%clk 0:02:51]} 12. Kf1
{[%clk 0:02:50]} Bxf3 {[%clk 0:02:51]} 13. gxf3 {[%clk 0:02:51]} e6
{[%clk 0:02:51]} 14. b3 {[%clk 0:02:50]} Bd6 {[%clk 0:02:50]} 15. bxc4
{[%clk 0:02:28]} Nxc4 {[%clk 0:02:51]} 16. Kg2 {[%clk 0:02:27]} Rc8
{[%clk 0:02:44]} 17. d3 {[%clk 0:02:21]} Nb6 {[%clk 0:02:45]} 18. Bb3
{[%clk 0:02:08]} O-O {[%clk 0:02:42]} 19. Be3 {[%clk 0:02:03]} Nd5
{[%clk 0:02:23]} 20. Bxd5 {[%clk 0:01:49]} exd5 {[%clk 0:02:24]} 21. Nd2
{[%clk 0:01:48]} Ne5 {[%clk 0:02:03]} 22. Bf4 {[%clk 0:01:25]} f6
{[%clk 0:01:44]} 23. d4 {[%clk 0:00:46]} Nf7 {[%clk 0:01:45]} 24. Bxd6
{[%clk 0:00:47]} Nxd6 {[%clk 0:01:46]} 25. Rac1 {[%clk 0:00:41]} Rc7
{[%clk 0:01:35]} 26. Nf1 {[%clk 0:00:32]} Nb5 {[%clk 0:01:09]} 27. Ne3
{[%clk 0:00:33]} Rd8 {[%clk 0:01:09]} 28. a4 {[%clk 0:00:23]} Nxc3
{[%clk 0:01:02]} 29. Rc2 {[%clk 0:00:21]} Rc6 {[%clk 0:00:51]} 30. Nf5
{[%clk 0:00:10]} Kf8 {[%clk 0:00:53]} 31. h4 {[%clk 0:00:09]} g6 {[%clk 0:00:42]}
32. Ne3 {[%clk 0:00:10]} Rdc8 {[%clk 0:00:33]} 33. Ng4 {[%clk 0:00:10]} h5
{[%clk 0:00:25]} 34. Ne3 {[%clk 0:00:08]} Nd1 {[%clk 0:00:19]} 35. Rce2
{[%clk 0:00:06]} Nc3 {[%clk 0:00:16]} 36. Rc2 {[%clk 0:00:07]} Nxa4
{[%clk 0:00:15]} 37. Rxc6 {[%clk 0:00:07]} Rxc6 {[%clk 0:00:16]} 38. Nxd5
{[%clk 0:00:08]} Rd6 {[%clk 0:00:15]} 39. Nf4 {[%clk 0:00:07]} Kf7
{[%clk 0:00:15]} 40. d5 {[%clk 0:00:08]} Nb6 {[%clk 0:00:15]} 41. Rc1
{[%clk 0:00:07]} Nxd5 {[%clk 0:00:15]} 42. Nxd5 {[%clk 0:00:08]} Rxd5
{[%clk 0:00:16]} 43. Rc7+ {[%clk 0:00:09]} Ke6 {[%clk 0:00:17]} 44. Rxb7
{[%clk 0:00:10]} Rd7 {[%clk 0:00:18]} 45. Rb5 {[%clk 0:00:10]} a6
{[%clk 0:00:17]} 46. Ra5 {[%clk 0:00:11]} Ra7 {[%clk 0:00:18]} 47. Kg3
{[%clk 0:00:12]} Kd6 {[%clk 0:00:19]} 48. f4 {[%clk 0:00:12]} f5 {[%clk 0:00:16]}
49. Kf3 {[%clk 0:00:13]} Kc6 {[%clk 0:00:18]} 50. Re5 {[%clk 0:00:13]} a5
{[%clk 0:00:17]} 51. Re6+ {[%clk 0:00:14]} Kd5 {[%clk 0:00:16]} 52. Rxg6
{[%clk 0:00:15]} a4 {[%clk 0:00:17]} 53. Rg1 {[%clk 0:00:11]} a3 {[%clk 0:00:18]}
54. Ke3 {[%clk 0:00:12]} a2 {[%clk 0:00:18]} 55. Ra1 {[%clk 0:00:13]} Ra3+
{[%clk 0:00:19]} 56. Kd2 {[%clk 0:00:13]} Ke4 {[%clk 0:00:20]} 57. Kc2
{[%clk 0:00:13]} Kxf4 {[%clk 0:00:20]} 58. Kb2 {[%clk 0:00:14]} Ra8
{[%clk 0:00:20]} 0-1

[Event "Team Championship (men blitz)"]
[Site "Sochi"]
[Date "2017.10.05"]
[Round "13.3"]
[White "Riazantsev, Alexander"]
[Black "Belyakov, Bogdan"]
[Result "1-0"]
[LiveChessVersion "1.4.8"]
[BlackElo "2477"]
[WhiteElo "2670"]

1. d4 {[%clk 0:03:03]} Nf6 {[%clk 0:03:03]} 2. c4 {[%clk 0:03:04]} g6
{[%clk 0:03:04]} 3. Nc3 {[%clk 0:03:06]} Bg7 {[%clk 0:03:06]} 4. e4
{[%clk 0:03:07]} d6 {[%clk 0:03:07]} 5. Be2 {[%clk 0:03:08]} O-O {[%clk 0:03:05]}
6. Be3 {[%clk 0:03:09]} c5 {[%clk 0:02:50]} 7. d5 {[%clk 0:03:10]} e6
{[%clk 0:02:50]} 8. Nf3 {[%clk 0:03:11]} exd5 {[%clk 0:02:48]} 9. cxd5
{[%clk 0:03:12]} Re8 {[%clk 0:02:46]} 10. Nd2 {[%clk 0:03:13]} a6
{[%clk 0:02:42]} 11. a4 {[%clk 0:03:14]} h5 {[%clk 0:01:58]} 12. h3
{[%clk 0:03:06]} Nh7 {[%clk 0:01:57]} 13. Nc4 {[%clk 0:02:16]} Ng5
{[%clk 0:01:45]} 14. Nxd6 {[%clk 0:02:01]} Qxd6 {[%clk 0:01:38]} 15. Bxg5
{[%clk 0:02:02]} Bxc3+ {[%clk 0:01:31]} 16. bxc3 {[%clk 0:02:03]} Qe5
{[%clk 0:01:31]} 17. Qd2 {[%clk 0:01:49]} Qxe4 {[%clk 0:01:31]} 18. O-O
{[%clk 0:01:46]} Bf5 {[%clk 0:01:02]} 19. Rfe1 {[%clk 0:01:29]} Qc2
{[%clk 0:01:02]} 20. g4 {[%clk 0:00:39]} Qxd2 {[%clk 0:01:01]} 21. Bxd2
{[%clk 0:00:40]} hxg4 {[%clk 0:00:55]} 22. hxg4 {[%clk 0:00:42]} Bc2
{[%clk 0:00:56]} 23. c4 {[%clk 0:00:38]} Nd7 {[%clk 0:00:57]} 24. Bc3
{[%clk 0:00:39]} f6 {[%clk 0:00:47]} 25. a5 {[%clk 0:00:39]} Kf7 {[%clk 0:00:47]}
26. Kg2 {[%clk 0:00:40]} Re7 {[%clk 0:00:43]} 27. Ra2 {[%clk 0:00:28]} Bb3
{[%clk 0:00:34]} 28. Rb2 {[%clk 0:00:30]} Rae8 {[%clk 0:00:35]} 29. Rxb3
{[%clk 0:00:29]} Rxe2 {[%clk 0:00:36]} 30. Rxe2 {[%clk 0:00:31]} Rxe2
{[%clk 0:00:36]} 31. Rxb7 {[%clk 0:00:32]} Ke8 {[%clk 0:00:27]} 32. Ra7
{[%clk 0:00:33]} Rc2 {[%clk 0:00:27]} 33. Be1 {[%clk 0:00:33]} Rxc4
{[%clk 0:00:28]} 34. Rxa6 {[%clk 0:00:26]} Rxg4+ {[%clk 0:00:29]} 35. Kf1
{[%clk 0:00:28]} Ra4 {[%clk 0:00:29]} 36. d6 {[%clk 0:00:25]} Kf7
{[%clk 0:00:28]} 37. Ra8 {[%clk 0:00:17]} Ke6 {[%clk 0:00:29]} 38. Ra6
{[%clk 0:00:12]} g5 {[%clk 0:00:28]} 39. Ke2 {[%clk 0:00:13]} g4 {[%clk 0:00:28]}
40. Bc3 {[%clk 0:00:15]} f5 {[%clk 0:00:28]} 41. Rc6 {[%clk 0:00:16]} f4
{[%clk 0:00:27]} 42. Rc8 {[%clk 0:00:14]} Ra3 {[%clk 0:00:27]} 43. Kd2
{[%clk 0:00:11]} Ra2+ {[%clk 0:00:26]} 44. Ke1 {[%clk 0:00:12]} Kxd6
{[%clk 0:00:24]} 45. Rg8 {[%clk 0:00:13]} Ra3 {[%clk 0:00:21]} 46. Kd2
{[%clk 0:00:14]} Ra2+ {[%clk 0:00:17]} 47. Ke1 {[%clk 0:00:15]} Ra3
{[%clk 0:00:16]} 48. Rg6+ {[%clk 0:00:16]} Kd5 {[%clk 0:00:17]} 49. Kd2
{[%clk 0:00:16]} Ne5 {[%clk 0:00:16]} 50. Rg5 {[%clk 0:00:17]} Kc4
{[%clk 0:00:15]} 51. Bxe5 {[%clk 0:00:17]} Ra2+ {[%clk 0:00:13]} 52. Ke1
{[%clk 0:00:17]} Kd3 {[%clk 0:00:15]} 53. Kf1 {[%clk 0:00:11]} Ke4
{[%clk 0:00:15]} 54. Bc7 {[%clk 0:00:07]} Kf3 {[%clk 0:00:16]} 55. Ke1
{[%clk 0:00:04]} Rxf2 {[%clk 0:00:15]} 56. Rf5 {[%clk 0:00:04]} Re2+
{[%clk 0:00:14]} 57. Kd1 {[%clk 0:00:06]} Re4 {[%clk 0:00:12]} 58. Rxf4+
{[%clk 0:00:07]} Rxf4 {[%clk 0:00:13]} 59. Bxf4 {[%clk 0:00:08]} Kxf4
{[%clk 0:00:14]} 60. a6 {[%clk 0:00:09]} g3 {[%clk 0:00:15]} 61. Ke2
{[%clk 0:00:11]} g2 {[%clk 0:00:14]} 62. Kf2 {[%clk 0:00:12]} c4 {[%clk 0:00:15]}
63. a7 {[%clk 0:00:14]} c3 {[%clk 0:00:16]} 64. a8=Q {[%clk 0:00:14]} 1-0

[Event "Team Championship (men blitz)"]
[Site "Sochi"]
[Date "2017.10.05"]
[Round "13.4"]
[White "Savitskiy, Sergey"]
[Black "Shirov, Alexei"]
[Result "1/2-1/2"]
[LiveChessVersion "1.4.8"]
[BlackElo "2670"]
[WhiteElo "2327"]

1. e4 {[%clk 0:03:03]} e5 {[%clk 0:03:03]} 2. Nf3 {[%clk 0:03:04]} Nc6
{[%clk 0:03:05]} 3. Bc4 {[%clk 0:03:04]} Bc5 {[%clk 0:03:05]} 4. O-O
{[%clk 0:03:05]} Nf6 {[%clk 0:03:05]} 5. d3 {[%clk 0:03:06]} O-O {[%clk 0:03:02]}
6. Nbd2 {[%clk 0:03:07]} d5 {[%clk 0:02:35]} 7. exd5 {[%clk 0:03:07]} Nxd5
{[%clk 0:02:35]} 8. Re1 {[%clk 0:03:02]} f6 {[%clk 0:02:12]} 9. c3
{[%clk 0:02:33]} Kh8 {[%clk 0:02:04]} 10. Ne4 {[%clk 0:02:16]} Bb6
{[%clk 0:02:03]} 11. a4 {[%clk 0:02:17]} a6 {[%clk 0:01:57]} 12. h3
{[%clk 0:01:41]} Be6 {[%clk 0:01:53]} 13. Bd2 {[%clk 0:01:10]} Qd7
{[%clk 0:01:50]} 14. Qe2 {[%clk 0:01:03]} Bf7 {[%clk 0:01:41]} 15. b4
{[%clk 0:01:02]} Rad8 {[%clk 0:01:38]} 16. a5 {[%clk 0:01:03]} Ba7
{[%clk 0:01:39]} 17. Nc5 {[%clk 0:00:48]} Bxc5 {[%clk 0:01:37]} 18. bxc5
{[%clk 0:00:49]} Bg6 {[%clk 0:01:32]} 19. Nh4 {[%clk 0:00:28]} Nde7
{[%clk 0:01:31]} 20. Nxg6+ {[%clk 0:00:28]} Nxg6 {[%clk 0:01:32]} 21. Be3
{[%clk 0:00:21]} f5 {[%clk 0:01:32]} 22. Bg5 {[%clk 0:00:23]} Rde8
{[%clk 0:01:34]} 23. Qh5 {[%clk 0:00:18]} f4 {[%clk 0:01:26]} 24. Qg4
{[%clk 0:00:19]} Qxg4 {[%clk 0:01:25]} 25. hxg4 {[%clk 0:00:20]} h6
{[%clk 0:01:26]} 26. Reb1 {[%clk 0:00:15]} Rb8 {[%clk 0:01:20]} 27. Kf1
{[%clk 0:00:10]} e4 {[%clk 0:01:16]} 28. d4 {[%clk 0:00:05]} hxg5 29. Ke2 f3+
{[%clk 0:01:15]} 30. gxf3 {[%clk 0:00:05]} exf3+ {[%clk 0:01:10]} 31. Kd2
{[%clk 0:00:06]} Nh4 {[%clk 0:00:54]} 32. Re1 {[%clk 0:00:08]} g6
{[%clk 0:00:52]} 33. d5 {[%clk 0:00:07]} Nd8 {[%clk 0:00:35]} 34. Re7
{[%clk 0:00:08]} Rf7 {[%clk 0:00:36]} 35. Re8+ {[%clk 0:00:07]} Kg7
{[%clk 0:00:37]} 36. Rae1 {[%clk 0:00:07]} Kf6 {[%clk 0:00:21]} 37. R1e3
{[%clk 0:00:05]} Rd7 {[%clk 0:00:20]} 38. Kc2 {[%clk 0:00:06]} b5
{[%clk 0:00:17]} 39. axb6 {[%clk 0:00:06]} cxb6 {[%clk 0:00:19]} 40. c6
{[%clk 0:00:07]} Rc7 {[%clk 0:00:20]} 41. Bd3 {[%clk 0:00:04]} b5
{[%clk 0:00:17]} 42. Be4 {[%clk 0:00:04]} Nxc6 {[%clk 0:00:17]} 43. Re6+
{[%clk 0:00:04]} Kf7 {[%clk 0:00:17]} 44. Rxc6 {[%clk 0:00:05]} Rxc6
{[%clk 0:00:10]} 45. dxc6 {[%clk 0:00:06]} Rd8 {[%clk 0:00:10]} 46. Rd3
{[%clk 0:00:06]} Ke7 {[%clk 0:00:08]} 47. Kb3 {[%clk 0:00:03]} Rxd3
{[%clk 0:00:09]} 48. Bxd3 {[%clk 0:00:05]} Kd6 {[%clk 0:00:10]} 49. Be4
{[%clk 0:00:07]} a5 {[%clk 0:00:10]} 50. c4 {[%clk 0:00:08]} bxc4+
{[%clk 0:00:09]} 51. Kxc4 {[%clk 0:00:09]} Ng2 {[%clk 0:00:10]} 52. Bxf3
{[%clk 0:00:10]} Nf4 {[%clk 0:00:10]} 53. Kb5 {[%clk 0:00:09]} Kc7
{[%clk 0:00:10]} 54. Be4 {[%clk 0:00:08]} Ne6 {[%clk 0:00:08]} 55. Kxa5
{[%clk 0:00:05]} Nd4 {[%clk 0:00:08]} 56. Kb4 {[%clk 0:00:04]} Nxc6+
{[%clk 0:00:07]} 57. Kc5 {[%clk 0:00:05]} Ne7 {[%clk 0:00:08]} 58. Bd3
{[%clk 0:00:04]} Kd7 {[%clk 0:00:09]} 59. f3 {[%clk 0:00:05]} Ke6
{[%clk 0:00:10]} 60. Kd4 {[%clk 0:00:06]} Kf6 {[%clk 0:00:11]} 61. Be4
{[%clk 0:00:07]} Nc8 {[%clk 0:00:11]} 62. Bd3 {[%clk 0:00:07]} Nd6
{[%clk 0:00:12]} 63. Be4 {[%clk 0:00:08]} Nf7 {[%clk 0:00:12]} 1/2-1/2